000 00474nam a22001937a 4500
005 20260317153647.0
008 260317b |||||||| |||| 00| 0 eng d
037 _cDSWL
040 _aDSWL
_cDSWL
041 _heng
100 _aNapier, R W
_91132339
245 _aGroups
250 _a5th
260 _aDelhi,
_bAITBS,
_c2006
300 _a619p
700 _aM K Gershenpe
_91132340
942 _2CC
_cTEXL
_n0
999 _c1715623
_d1715623